Saveur

Detalles Bibliográficos
Formato: Electrónico Revista
Lenguaje:inglés
Publicado: New York, NY : Meigher Communications, ©1994-
New York, NY : Bonnier Corp.
Materias:
Acceso en línea:Full text available from Research Library: 04/01/2008 to present

MARC

LEADER 00000nas a2200000 a 4500
001 ssj0000517126
003 WaSeSS
005 20200512172242.0
006 m d
007 cr n
008 940415c19949999fluqx p s 0 a0eng c
010 |a  97644460   |z sn 94000241  
022 |l 1075-7864  |y 1075-7864 
032 |a 01224408  |b USPS 
035 |a (WaSeSS)ssj0000517126 
037 |b SAVEUR, 49 Richmondville Ave., Westport, CT 06880 
040 |a NSD  |b eng  |c NSD  |d DLC  |d NSD  |d DLC  |d HUL  |d SYS  |d OCLCQ  |d DLC  |d OCLCF  |d OCLCO  |d HCO  |d OCLCO  |d OCLCA  |d OCLCQ  |d FWI  |d OCLCO  |d TL4  |d OCLCO  |d CPO  |d OCLCO  |d YUS  |d DLC  |d ZQP  |d OCLCQ  |d EYM  |d OCLCO  |d WaSeSS 
042 |a nsdp  |a pcc 
050 0 0 |a TX631  |b .S253 
082 0 0 |a 641.5/05  |2 21 
210 0 |a Saveur  |b (N.Y.N.Y.) 
222 0 |a Saveur  |b (New York, N.Y.) 
245 0 0 |a Saveur  |h [electronic resource]. 
260 |a New York, NY :  |b Meigher Communications,  |c ©1994- 
260 3 |3 <Jan./Feb. 2010-> :  |a New York, NY :  |b Bonnier Corp. 
310 |a Quarterly,  |b No. 194 (2018)- 
321 |a Bimonthly,  |b 1994-1996 
321 |a Eight no. a year,  |b 1997-2006 
321 |a Nine times per year,  |b 2007-Feb/Mar 2018 
362 0 |a No. 1 (summer 1994)- 
500 |a Title from cover. 
500 |a Publisher by: Bonnier Corp. ; Winter Park, FL <2007-> 
506 |a License restrictions may limit access. 
515 |a Issues for No. 1-no. 3 also called: Vol. 1, no. 1-v. 1, no. 3. 
515 |a Issues for no. 194- have volume designations for each season. 
588 |a Latest issue consulted: No. 194 (2018) 
650 0 |a Gastronomy  |v Periodicals. 
650 0 |a Cooking  |v Periodicals. 
650 7 |a Cooking.  |2 fast  |0 (OCoLC)fst01754966 
650 7 |a Gastronomy.  |2 fast  |0 (OCoLC)fst00938901 
655 0 |a Electronic journals. 
850 |a DLC 
853 0 0 |8 1  |a no.  |i (year)  |j (month/month) 
856 4 0 |z Full text available from Research Library: 04/01/2008 to present  |u https://search.proquest.com/publication/38418 
863 4 0 |8 1  |a <2>-  |i <1994>-  |x provisional